Κατάλογος Βιβλιοθηκών Mediterranean College

Sexual Meanings / The Cultural Construction of Gender and Sexuality (Record no. 2440)

MARC details
000 -LEADER
fixed length control field 01627cam a22002054a 4500
005 - ΗΜΕΡΟΜΗΝΙΑ ΚΑΙ ΩΡΑ ΤΕΛΕΥΤΑΙΑΣ ΕΝΗΜΕΡΩΣΗΣ
Πεδίο ελέγχου 20250605164041.0
008 - FIXED-LENGTH DATA ELEMENTS--GENERAL INFORMATION
Πεδίο ελέγχου σταθερού μήκους 250528s ||||||||||||||||||||||||d
035 ## - SYSTEM CONTROL NUMBER
System control number 16999
020 ## - ISBN
ISBN 521283752
040 ## - ΠΗΓΗ ΚΑΤΑΛΟΓΟΓΡΑΦΗΣΗΣ
Φορέας πρωτότυπης καταλογογράφησης MC Athens Campus Library
Γλώσσα καταλογογράφησης Ελληνικά, Μοντέρνα (1453-)
Modifying agency MC Athens Campus Library
Κανόνες περιγραφικής καταλογογράφησης AACR2
245 1# - ΤΙΤΛΟΣ ΚΑΙ ΔΗΛΩΣΗ ΥΠΕΥΘΥΝΟΤΗΤΑΣ
Τίτλος Sexual Meanings / The Cultural Construction of Gender and Sexuality
260 ## - PUBLICATION, DISTRIBUTION, ETC.
Name of publisher, distributor, etc. Cambridge University Press,
Date of publication, distribution, etc. 1992
300 ## - PHYSICAL DESCRIPTION
Extent 438
520 ## - SUMMARY, ETC.
Summary, etc. This volume is a collection of original essays dealing with the ways in which sex and gender are socially organized and conceptually construed in various cultures. Preface, Introduction: Accounting for Sexual Meanings, The Gender Revolution and the Transition from Bisexual Horde to Patrilocal Band: The Origins of Gender Hierarchy, The Cultural Organization of Gender, The Bow and the Burden Strap: A New Look at Institutionalized Homosexuality in Native North America, Transforming ''Natural'' Woman: Female Ritual Leaders and Gender Ideology Among Bimin-Kuskusmin, Self-Interest and the Social Good: Some Implications of Hagen Gender Imagery, Sexuality and Gender in Samoa: Conceptions and Missed Conceptions, Like Wounded Stags: Male Sexual Ideology in an Andalusian Town, Pigs and Women and the Men's House in Amazonia: An Analysis of Six Mundurucu Myths, The Political Contexts of Gender, Politics and Gender in Simple Societies, Women and Warriors and Patriarchs, Gender and Sexuality in Hierarchical Societies: The Case of Polynesia and Some Comparative Implications, Index.
700 1# - ΠΡΟΣΘΕΤΗ ΑΝΑΓΡΑΦΗ--ΦΥΣΙΚΟ ΠΡΟΣΩΠΟ
Personal name Ortner Sherry B
9 (RLIN) 3123
700 1# - ΠΡΟΣΘΕΤΗ ΑΝΑΓΡΑΦΗ--ΦΥΣΙΚΟ ΠΡΟΣΩΠΟ
Personal name Whitehead Harriet
9 (RLIN) 3124
942 ## - ADDED ENTRY ELEMENTS (KOHA)
Koha item type Books
Holdings
Τύπος τεκμηρίου Βιβλιοθήκη Τρέχουσα τοποθεσία Barcode Αριθμός εισαγωγής Ημερομηνία απόκτησης Ταξιθετικό σύμβολο Αριθμός αντιτύπου Κατάσταση απόσυρσης Κατάσταση χαμένου Κατάσταση κατεστραμμένου Μη δανεισμός Σύνολο δανεισμών Ημερομηνία τελευταίας εμφάνισης Η τιμή ισχύει από
Books MC Athens Campus Library MC Athens Campus Library 9780000024398 6511 05/06/2025 305.3 ORT 1           05/06/2025 05/06/2025

MC Athens Campus Library
Πατησίων 94 & Κοδριγκτώνος 13, 104 34
Πελλήνης 8 & Πατησίων 107, 112 51
Τ: +30 210 8899600

MC Thessaloniki Campus Library
Ίωνος Δραγούμη 21, 54625 | Ίωνος Δραγούμη 15, 54625
Τ: +30 2310 287779 – Τ: +30 2314 440300